Ekofilozofia učebné texty pre dištančné štúdium a ostatné formy vzdelávania

Bibliographic Details
Main Authors: Wolfová, Daniela, 1946- (Author), Kučírková, Drahomíra, 1953- (Author)
Format: Book
Language:Slovak
PhysicalDescription:65 s. ilustr. 29 cm
Published: V Nitre Slovenská poľnohospodárska univerzita 1998
ISBN:8071375187
Series:Ochrana biodiverzity
Subjects:

MARC

LEADER 00000nam a2200000 a 4500
001 vtls001350985
003 SK-MaSNL
005 20260301200830.0
008 251113s1998 xo aae r yy slo
015 |a SNBA1999/03-00897 
020 |a 8071375187 
035 |a SNK000304338 
035 |a urn:nbn:sk:snk-amtjx6 
035 |a urn:nbn:sk:snk-am00c5nt 
035 |a 274CBACA-30C5-48AB-A446-AA861B881ABE 
040 |a SNK  |b slo  |c SNK  |e AACR2 
041 0 |a slo 
044 |a xo  |c SK 
080 |a 141.3+17:504(075.4)  |2 1981 
080 |a 17:504(075.4)  |2 1981 
080 |a 504(075.4)  |2 1981 
100 1 |a Wolfová, Daniela,  |d 1946-  |4 aut  |9 6401 
245 1 0 |a Ekofilozofia  |b učebné texty pre dištančné štúdium a ostatné formy vzdelávania  |c Daniela Wolfová, Drahomíra Kučírková 
260 |a V Nitre  |b Slovenská poľnohospodárska univerzita  |c 1998 
300 |a 65 s.  |b ilustr.  |c 29 cm 
490 1 |a Ochrana biodiverzity  |v 40 
500 |a Čiast. text čes. 
500 |a 200 výt. 
504 |a Bibliogr. odkazy. Terminologický slovník 
650 0 7 |a ekofilozofia  |2 SNKPH  |9 15488 
655 7 |a príručky  |2 SNKPH  |9 74364 
700 1 |a Kučírková, Drahomíra,  |d 1953-  |4 aut  |9 221431 
752 |d Nitra 
830 0 |a Ochrana biodiverzity  |9 290310 
919 |a 80-7137-518-7 
958 |a TL 
958 |a NB 
958 |a OND 
999 |c 892255  |d 894185 
952 |t P60, <03>, [BOOK], {603}  |a SNK  |b SNK  |y PREZ  |7 0  |p 17A0174263  |o snkSB 59665  |i snkKSP 11746/98  |0 0  |1 0  |4 0  |d 1998-12-21  |f 1  |l 0  |r 2025-04-08 00:00:00  |w 2026-02-24 
952 |t P60, <04>, [BOOK], {604}  |a SNK  |b SNK  |y VYP  |7 0  |p 17A0174264  |o snkSB 59665 D1  |i snkKSP 11747/98  |0 0  |1 0  |4 0  |d 1998-12-21  |l 0  |r 2005-01-02 00:00:00  |w 2026-02-24